| 000 | 00542nam a22001937a 4500 | ||
|---|---|---|---|
| 003 | SISC | ||
| 005 | 20160223131550.0 | ||
| 008 | 130827t xxu||||| |||| 00| 0 eng d | ||
| 020 | _a9780201576825 | ||
| 050 |
_aQA 276.12 _b.T76 1995 |
||
| 082 |
_aHS 519.5 _bT73 1994 |
||
| 100 |
_aTriola, Mario F. _913921 |
||
| 245 |
_aElementary Statistics _cMario F. Triola |
||
| 260 |
_aUnited States : _bAddison-Wesley Pub. Co, 1994. _cc1994. |
||
| 300 |
_a726p. : _bill.; _c28 cm. |
||
| 650 |
_aStatistics _91628 |
||
| 942 |
_2lcc _cBK |
||
| 999 |
_c9543 _d9543 |
||